000 04376cam a22006374i 4500
003 PE-LiUPU
005 20250731180145.0
008 150706s r 000 0 d
020 _a9789587196849
035 _a(Sirsi) i9789587196849
040 _aPE-LiUPU
_bspa
_cPE-LiUPU
_erda
049 _aPRUA
082 0 4 _a532
_bD84
_221
082 0 4 _a532
_bD96 2011
100 1 _aDuarte Agudelo, Carlos Arturo,
_eautor.
245 1 0 _aMecánica de fluidos e hidráulica /
_cCarlos Arturo Duarte Agudelo.
264 1 _aBogotá :
_bU]niversidad Nacional de Colombia. Facultad de Ingeniería. Departamento de Ingeniería Civil y Agrícola,
_c2011.
300 _aca. 308 páginas :
_bilustraciones ;
_c27 centímetros.
336 _atext
_2rdacontent
337 _aunmediated
_2rdamedia
338 _avolume
_2rdacarrier
504 _aIncluye referencias bibliográficas en cada capítulo.
505 0 _aDefiniciones y propiedades -- Sistema de unidades -- Propiedades de los fluidos -- Ecuación de estado -- Problemas resueltos -- Concepto de presión -- Variación de la presión en un fluido en reposo -- Dispositivos para medir presión -- Fuerzas hidrostáticas -- Fuerza de flotación -- Ecuaciones fundamentales para fluidos en movimiento -- Métodos para describir el movimiento -- Clasificación de los flujos -- Teorema de transporte de Reynolds -- Conservación de la masa -- Función de corriente -- Función potencial -- Conservación de la energía -- Conservación del momento -- Análisis dimensional y modelos -- Principio de homogeneidad dimensional -- Definición de parámetros adimensionales -- Modelos hidráulicos -- Flujo real en conductos a presión -- Distribución de esfuerzos de corte -- Investigaciones de Reynolds -- Flujo laminar -- Flujo turbulento -- Pérdida de energía ocasionada por accesorios -- Análisis de sistemas de tuberías -- Sistema en serie y sistema en paralelo -- Sistemas ramificados (o sistemas abiertos) -- Redes de distribución -- Método de la teoría lineal -- Bombas centrífugas -- Generalidades -- Curva característica práctica de una bomba -- Aplicación del análisis dimensional -- Análisis de estaciones de bombeo -- Curva de la estación -- Fenómeno de cavitación en bombas centrífugas -- Sistemas con bombas en serie -- Sistema con bombas en paralelo -- Sistemas especiales -- Práticas en laboratorios -- Coeficiente de fricción en una tubería -- Pérdidas de energía por accesorios -- Modelo para estudiar pérdidas por accesorios -- Medidores de velocidad y de caudal -- Modelo de estación de bombeo -- Problemas propuestos.
526 _aSEG44
526 _aSEG26
526 _aP159
526 _aP155
526 _aP154
526 _aP153
526 _aP150
526 _aP100
526 _aP31
526 _aP30
526 _aP26
526 _aP25
526 _aP24
526 _aP22
526 _aP15
526 _aP10
541 _g030-0010752;
541 _g030-0010752;
650 0 4 _aMecánica de fluidos.
650 0 4 _aEstructuras hidráulicas.
910 _agl20111012
910 _cwelc
_d20161024
942 _2ddc
_cBOOK
949 _a532 D84
_wDEWEY
_c1
_i63834
_lCCODEBUL1
_mBUL
_p18.00
_r0
_sY
_tBOOK
_u2015-7-6
_xINGENIERIA
_PP24
_o.STAFF. Colección General
949 _a532 D84
_wDEWEY
_c2
_i63833
_lCCODEBUL1
_mBUL
_p18.00
_r0
_sY
_tBOOK
_u2015-7-6
_xINGENIERIA
_PP24
_o.STAFF. Colección General
949 _a532 D96 2011
_wDEWEY
_c1
_iFJ03197
_lCCODEBUJ1
_mBUJ
_p17.00
_r0
_sY
_tBOOK
_u2016-10-24
_xINGENIERIA
_PP25
_0COMPRA
_o.STAFF. Colección General Juliaca
994 _aC0
_bPEPRU
596 _a1 3
999 _a532 D84
_wDEWEY
_c52717
_i63834
_d52717
_e2019-3-5
_f2021-11-9
_g6
_lCCODEBUL1
_mBUL
_n5
_p18.00
_q3
_r0
_sY
_tBOOK
_u2015-7-6
_xINGENIERIA
_PP24
_0COMPRA
_o.STAFF. Colección General
999 _a532 D84
_wDEWEY
_c2
_i63833
_d2017-4-3
_e2017-4-3
_f2021-11-5
_g7
_lCCODEBUL1
_mBUL
_n7
_p18.00
_r0
_sN
_tBOOK
_u2015-7-6
_xBIBLIOTECA
_PP24
_0COMPRA
_o.STAFF. Colección General
999 _a532 D96 2011
_wDEWEY
_c1
_iFJ03197
_d2019-9-24
_e2019-5-24
_f2022-1-19
_g3
_lCCODEBUJ1
_mBUJ
_n13
_p17.00
_q12
_r0
_sY
_tBOOK
_u2016-10-24
_xINGENIERIA
_PP25
_0COMPRA
_o.STAFF. Colección General Juliaca
980 _81
_gALBERTO SANCHEZ Responsable de Automatización